[Event "Krakow op 9th"]
[Site "Krakow"]
[Date "2013.??.??"]
[Round "1.11"]
[White "Tikhonov, Valeri"]
[Black "Puklo, Tomasz"]
[Result "1-0"]
[WhiteElo "1732"]
[BlackElo "1361"]
[PlyCount "55"]
[EventDate "2013.??.??"]
[EventType "swiss"]
[EventRounds "5"]
[EventCountry "POL"]
[SourceTitle "EXT 2023"]
[Source "ChessBase"]
[SourceDate "2022.10.05"]
[SourceVersion "1"]
[SourceVersionDate "2022.10.05"]
[SourceQuality "1"]

1. e4 c5 2. Nf3 d6 3. d3 g6 4. g3 Bg7 5. Bg2 Nc6 6. 0-0 Nf6 7. Nbd2 0-0 8. Re1 Rb8 9. Nf1 e6 10. Bg5 b5 11. c3 Bb7 12. d4 cxd4 13. cxd4 Qc7 14. Rc1 Rfe8 15. d5 exd5 16. exd5 Rxe1 17. Nxe1 Nxd5 18. Bxd5 Qb6 19. Nd3 Rc8 20. Be3 Bd4 21. Qb3 Rc7 22. Nb4 Na5 23. Qd1 Bxe3 24. Nxe3 Bc8 25. Rxc7 Qxc7 26. Qc2 Qd8 27. Nc6 Nxc6 28. Qxc6 1-0

[Event "Krakow-B"]
[Site "Krakow"]
[Date "2010.06.27"]
[Round "5"]
[White "Wojdynski, Jakub"]
[Black "Puklo, Tomasz"]
[Result "1-0"]
[WhiteElo "1800"]
[BlackElo "1400"]
[PlyCount "87"]
[EventDate "2010.06.25"]
[EventType "tourn"]
[EventRounds "9"]
[EventCountry "POL"]
[SourceTitle "EXT 2023"]
[Source "ChessBase"]
[SourceDate "2022.10.05"]
[SourceVersion "1"]
[SourceVersionDate "2022.10.05"]
[SourceQuality "1"]

1. e4 e5 2. Nf3 Nc6 3. Bc4 Bc5 4. 0-0 h6 5. h3 d6 6. Re1 Nf6 7. c3 0-0 8. d4 exd4 9. cxd4 Bb4 10. Bd2 Re8 11. Bxb4 Nxb4 12. a3 Na6 13. Nc3 b6 14. Qd3 Bb7 15. Bxa6 Bc6 16. d5 Bd7 17. Rac1 Nh5 18. Qd2 Qf6 19. Be2 Nf4 20. Kh2 g5 21. Qd4 Qg6 22. Ng1 g4 23. g3 Nxh3 24. Nxh3 Qh5 25. Bf1 gxh3 26. Qf6 Qg4 27. Be2 Qg6 28. Qxg6+ fxg6 29. Bf1 Rf8 30. Rc2 Rf3 31. Bxh3 Bxh3 32. Kxh3 h5 33. Kg2 Re8 34. Kxf3 Rf8+ 35. Kg2 Re8 36. Rce2 Re5 37. f4 Re7 38. e5 h4 39. exd6 Rg7 40. Re8+ Kh7 41. R1e7 cxd6 42. Rxg7+ Kxg7 43. Re6 hxg3 44. Rxd6 1-0

[Event "Krakow-B"]
[Site "Krakow"]
[Date "2010.06.26"]
[Round "2"]
[White "Puklo, Tomasz"]
[Black "Lankof, Piotr"]
[Result "0-1"]
[WhiteElo "1400"]
[BlackElo "1455"]
[PlyCount "60"]
[EventDate "2010.06.25"]
[EventType "tourn"]
[EventRounds "9"]
[EventCountry "POL"]
[SourceTitle "EXT 2023"]
[Source "ChessBase"]
[SourceDate "2022.10.05"]
[SourceVersion "1"]
[SourceVersionDate "2022.10.05"]
[SourceQuality "1"]

1. e4 e5 2. Nf3 Nc6 3. Bc4 Bc5 4. d3 Nf6 5. Ng5 0-0 6. h3 d6 7. Nc3 h6 8. Nf3 Be6 9. Bxe6 fxe6 10. Bd2 Qd7 11. Na4 Bb6 12. Nxb6 axb6 13. a3 Rae8 14. Nh4 Kh7 15. Qf3 d5 16. 0-0-0 Nxe4 17. Qh5 Nxf2 18. Qg6+ Kg8 19. Bxh6 Nxd1 20. Kxd1 Rf6 21. Qg4 Rxh6 22. Rf1 Rf8 23. Re1 Qf7 24. Nf3 Rg6 25. Qh4 Rxg2 26. Ng5 Qg6 27. Nh7 Qxh7 28. Qa4 Qh6 29. Re2 Rf1+ 30. Re1 Qd2# 0-1

[Event "Krakow-B"]
[Site "Krakow"]
[Date "2010.06.25"]
[Round "1"]
[White "Kyc, Jerzy"]
[Black "Puklo, Tomasz"]
[Result "0-1"]
[WhiteElo "1522"]
[BlackElo "1400"]
[PlyCount "104"]
[EventDate "2010.06.25"]
[EventType "tourn"]
[EventRounds "9"]
[EventCountry "POL"]
[SourceTitle "EXT 2023"]
[Source "ChessBase"]
[SourceDate "2022.10.05"]
[SourceVersion "1"]
[SourceVersionDate "2022.10.05"]
[SourceQuality "1"]

1. e4 e5 2. Nf3 Nc6 3. Bc4 h6 4. 0-0 Bc5 5. c3 a6 6. d4 exd4 7. cxd4 Bb4 8. a3 Ba5 9. d5 Nce7 10. b4 b5 11. Bb3 Bb6 12. Bb2 f6 13. e5 Ng6 14. Qc2 Nf8 15. exf6 Nxf6 16. Re1+ Kf7 17. d6+ Ne6 18. Ne5+ Kf8 19. Ng6+ Kf7 20. Nxh8+ Qxh8 21. Bxe6+ dxe6 22. Bxf6 gxf6 23. Qc6 Ra7 24. d7 e5 25. Qe6+ Kxe6 26. dxc8Q+ Qxc8 27. Ra2 c5 28. Rc2 c4 29. Nd2 Rg7 30. Ne4 Qc6 31. g3 Rg4 32. Rce2 f5 33. Nc5+ Bxc5 34. Rxe5+ Kd7 35. Rxc5 Qf6 36. Rd5+ Kc6 37. Rde5 Kd6 38. f4 h5 39. Rd1+ Kc6 40. Rdd5 h4 41. Rxf5 Qa1+ 42. Kg2 Qb2+ 43. Kh3 hxg3 44. Kxg4 gxh2 45. Rc5+ Kb6 46. Rh5 Qg2+ 47. Kf5 h1Q 48. Rg5 Qhh3+ 49. Ke5 Qe3+ 50. Kf5 Qgh3+ 51. Kg6 Qee6+ 52. Kg7 Qhh6# 0-1